| 000 | 00452nam a2200181 i 4500 | ||
|---|---|---|---|
| 001 | bg | ||
| 100 | 1 | _aSVAN, Michael | |
| 245 | 0 |
_aThe new Cambridge English course. _nVol. 1, _pPractice / _cMichael Svan, C. Walter. |
|
| 260 |
_aCambridge, _c1992. |
||
| 650 | 9 | _aJęzyk angielski | |
| 655 | _aPodręczniki | ||
| 700 | 1 | _aWALTER, C. | |
| 040 | _cBPK | ||
| 041 | _apol | ||
| 080 | _a802.0 | ||
| 942 | _cKS | ||
| 008 | s pl f |000 0 pol | ||
| 999 |
_c5340 _d5340 |
||
| 856 |
_uhttp://koha.tu.koszalin.pl/cgi-bin/koha/opac-detail.pl?biblionumber=5340 _yKatalog online BPK |
||